| 000 | 00726nam a2200205 a 4500 | ||
|---|---|---|---|
| 001 | 26441 | ||
| 003 | Mx-PuUPA | ||
| 005 | 20251002133305.0 | ||
| 008 | 140415s2017 mx gr 000 0 spa d | ||
| 020 | _a9786075241197 | ||
| 040 | _cMx-PuUPA | ||
| 041 | 0 | _aspa | |
| 082 | 0 | 4 |
_axx _bxx _223 |
| 245 |
_aLa autonomía universitaria en México : _bde la experiencia nicolaita de 1917 al México del siglo XXI / _cJaime Hernández Díaz, Héctor Pérez Pintor, coordinadores |
||
| 250 |
_aPrimera edición / _bmarzo |
||
| 264 | 1 |
_aCiudad de México : _bMiguel Ángel Porrúa, _c©2017 |
|
| 300 |
_a263 páginas ; _c29 cm |
||
| 942 |
_2ddc _cLI _hxx _ixx |
||
| 999 |
_c26441 _d26441 |
||